000 00890nam a2200193 i 4500
001 166106
003 ES-MaACL
005 20230906213251.0
008 981030q1877 pr |||| | spa d
100 1 _aTejada, Leonardo de.
_9133164
245 1 0 _aMemoria redactada por el Ingeniero Jefe de Obras Públicas de la isla de Puerto-Rico, Don Leonardo de Tejada, sobre la conveniencia y posibilidad económica de construir un ferro-carril que, partiendo de la capital ... la contornee en toda su extension, volviendo al punto de partida.
260 _a[Puerto Rico :
_bs.n.,
_c1877]
300 _a31 p. ;
_c31 cm.
594 _aTít. tomado del encabezamiento del texto.
596 _aTexto fechado en Puerto Rico, 15 de mayo de 1876.
650 4 _aFerrocarriles-
_zPuerto Rico.
_9168372
752 _aPuerto Rico
852 _aES-MaACL
_jT-326-F-4
_z- Enc. hol.
_z- Enc. en un vol. facticio
999 _c166106
_d166106